Die drei ???-Häufigste Wörter in den Titel - Statistiken

Allgemein
  • Dieses Quiz wurde 160 mal gespielt
    115 seit der letzten Aktualisierung
  • Das Durchschnittsergebnis liegt bei 16 aus 42
Antwortstatistiken
Hint Antwort % Korrekt
45 Die
99%
103 Der
96%
25 Das
94%
99 Und
88%
12 Geist/geist-/-geist
65%
7 Geheim-
58%
5 Fußball
46%
4 Feuer-
45%
17 Im
44%
7 Teufel/Teufel-/-teufel
42%
8 Toten/tot-
42%
30 Des
40%
3 See/-see
40%
4 Fluch
38%
3 Nacht
37%
6 Spur
37%
4 Berg/-berg
36%
3 Rätsel/rätsel-
36%
5 Schrecken/Schreckens
35%
5 Mann/-mann
34%
5 Schatten/Schatten-
34%
5 Schwarze
34%
3 Angst/-angst
33%
3 Schatz
33%
5 Drache/Drachen
30%
3 Insel/-insel
30%
6 Rache
29%
3 Auf
27%
4 Auge/Augen
26%
3 Gefährliche-
22%
3 Phantom/Phantom-/-phantom
22%
3 Pirat/-pirat-
21%
3 Nichts
20%
3 Silber/silberne
20%
3 Stadt/-stadt
20%
3 Botschaft/Botschaften
19%
3 Dämon/Dämonen
18%
3 Grab
18%
3 Musik/Musik-/-musik
17%
3 Verschwundene
17%
3 Netz
13%
3 Tödlich-
13%
Keine übereinstimmenden Quizze gefunden
Verteilung der Resultate
Anzahl Personen mit jedem Resultat
Perzentil nach korrekt beantworteten Fragen
Ihre Resultats-Entwicklung
Sie haben dieses Quiz seit der letzten Aktualisierung nicht gespielt